| 000 | 00520nam a22001817a 4500 | ||
|---|---|---|---|
| 003 | OSt | ||
| 005 | 20180116182953.0 | ||
| 008 | 140101b xxu||||| |||| 00| 0 eng d | ||
| 020 | _a9780761933601 | ||
| 040 |
_a0 _c0 |
||
| 082 | _a658.301 SHA 2006 | ||
| 100 | _aAnuradha Sharma | ||
| 245 |
_aStrategic Human Resource Management _bAn Indian perspective _cAnuradha Sharma |
||
| 260 |
_aNew delhi India _bResponse Books _c2006 |
||
| 300 |
_a264p. _bPB |
||
| 440 | _aStrategic Human Resource Management | ||
| 942 |
_2ddc _cBK |
||
| 999 |
_c349581 _d349581 |
||